000 00737cam a2200205 4500
001 X103349
008 000000n1999 000 0 eng u
035 _a(Sirsi) u103349
245 _aTameside MBC v Barlows Securities Group Services Ltd
260 _c1999
490 _aConstruction Industry Law Letter
_v [1999] CILL 1559-1562
520 _aRetrospective effect of deeds. Limitation. Final certificate. Promissory estoppel. (Taken from journal headnote).
650 _aTAMESIDE MBC V BARLOWS SECURITIES GROUP SERVICES LTD
650 _aPROMISSORY ESTOPPEL
650 _aFINAL CERTIFICATES
650 _aRETROSPECTIVE EFFECT
650 _aJCT FORMS OF CONTRACT
690 _aBUILDING AND CONSTRUCTION-CASE LAW
942 _n0
999 _c62113
_d62113